| LEADER | 08917nam a2200829 4500 | ||
|---|---|---|---|
| 082 | |a 807.6 |b B103t. | ||
| 100 | |a Nguyễn Khắc Phi | ||
| 245 | |a Bài tập ngữ văn 9 |c Nguyễn Khắc Phi, Nguyễn Văn Long, Nguyễn Minh Thuyết,... |n T.2 | ||
| 250 | |a Tái bản lần thứ nhất | ||
| 260 | |a H. |b Giáo dục |c 2006 | ||
| 300 | |a 103 tr. |c 24 cm | ||
| 520 | |a v.v... | ||
| 653 | |a Văn học | ||
| 653 | |a Ngữ văn | ||
| 653 | |a lớp 9 | ||
| 653 | |a bài tập | ||
| 942 | |2 ddc |c STK | ||
| 999 | |c 9874 |d 9874 | ||
| 952 | |0 0 |1 0 |2 ddc |4 0 |6 807_600000000000000_B103T |7 0 |8 800 |9 77846 |a qbu |b qbu |c D5 |d 2015-06-11 |g 4200 |o 807.6 B103t. |p 9334.c1 |r 0000-00-00 |w 2015-06-11 |y STK | ||
| 952 | |0 0 |1 0 |2 ddc |4 0 |6 807_600000000000000_B103T |7 0 |8 800 |9 77847 |a qbu |b qbu |c D5 |d 2015-06-11 |g 4200 |o 807.6 B103t. |p 9334.c2 |r 0000-00-00 |w 2015-06-11 |y STK | ||
| 952 | |0 0 |1 0 |2 ddc |4 0 |6 807_600000000000000_B103T |7 0 |8 800 |9 77848 |a qbu |b qbu |c D5 |d 2015-06-11 |g 4200 |o 807.6 B103t. |p 9334.c3 |r 0000-00-00 |w 2015-06-11 |y STK | ||
| 952 | |0 0 |1 0 |2 ddc |4 0 |6 807_600000000000000_B103T |7 0 |8 800 |9 77849 |a qbu |b qbu |c D5 |d 2015-06-11 |g 4200 |o 807.6 B103t. |p 9334.c4 |r 0000-00-00 |w 2015-06-11 |y STK | ||
| 952 | |0 0 |1 0 |2 ddc |4 0 |6 807_600000000000000_B103T |7 0 |8 800 |9 77850 |a qbu |b qbu |c D5 |d 2015-06-11 |g 4200 |o 807.6 B103t. |p 9334.c5 |r 0000-00-00 |w 2015-06-11 |y STK | ||
| 952 | |0 0 |1 0 |2 ddc |4 0 |6 807_600000000000000_B103T |7 0 |8 800 |9 77851 |a qbu |b qbu |c D5 |d 2015-06-11 |g 4200 |o 807.6 B103t. |p 9334.c6 |r 0000-00-00 |w 2015-06-11 |y STK | ||
| 952 | |0 0 |1 0 |2 ddc |4 0 |6 807_600000000000000_B103T |7 0 |8 800 |9 77852 |a qbu |b qbu |c D5 |d 2015-06-11 |g 4200 |o 807.6 B103t. |p 9334.c7 |r 0000-00-00 |w 2015-06-11 |y STK | ||
| 952 | |0 0 |1 0 |2 ddc |4 0 |6 807_600000000000000_B103T |7 0 |8 800 |9 77853 |a qbu |b qbu |c D5 |d 2015-06-11 |g 4200 |o 807.6 B103t. |p 9334.c8 |r 0000-00-00 |w 2015-06-11 |y STK | ||
| 952 | |0 0 |1 0 |2 ddc |4 0 |6 807_600000000000000_B103T |7 0 |8 800 |9 77854 |a qbu |b qbu |c D5 |d 2015-06-11 |g 4200 |o 807.6 B103t. |p 9334.c9 |r 0000-00-00 |w 2015-06-11 |y STK | ||
| 952 | |0 0 |1 0 |2 ddc |4 0 |6 807_600000000000000_B103T |7 0 |8 800 |9 77855 |a qbu |b qbu |c D5 |d 2015-06-11 |g 4200 |o 807.6 B103t. |p 9334.c10 |r 0000-00-00 |w 2015-06-11 |y STK | ||
| 952 | |0 0 |1 0 |2 ddc |4 0 |6 807_600000000000000_B103T |7 0 |8 800 |9 77856 |a qbu |b qbu |c D5 |d 2015-06-11 |g 4200 |o 807.6 B103t. |p 9334.c11 |r 0000-00-00 |w 2015-06-11 |y STK | ||
| 952 | |0 0 |1 0 |2 ddc |4 0 |6 807_600000000000000_B103T |7 0 |8 800 |9 77857 |a qbu |b qbu |c D5 |d 2015-06-11 |g 4200 |o 807.6 B103t. |p 9334.c12 |r 0000-00-00 |w 2015-06-11 |y STK | ||
| 952 | |0 0 |1 0 |2 ddc |4 0 |6 807_600000000000000_B103T |7 0 |8 800 |9 77858 |a qbu |b qbu |c D5 |d 2015-06-11 |g 4200 |o 807.6 B103t. |p 9334.c13 |r 0000-00-00 |w 2015-06-11 |y STK | ||
| 952 | |0 0 |1 0 |2 ddc |4 0 |6 807_600000000000000_B103T |7 0 |8 800 |9 77859 |a qbu |b qbu |c D5 |d 2015-06-11 |g 4200 |o 807.6 B103t. |p 9334.c14 |r 0000-00-00 |w 2015-06-11 |y STK | ||
| 952 | |0 0 |1 0 |2 ddc |4 0 |6 807_600000000000000_B103T |7 0 |8 800 |9 77860 |a qbu |b qbu |c D5 |d 2015-06-11 |g 4200 |o 807.6 B103t. |p 9334.c15 |r 0000-00-00 |w 2015-06-11 |y STK | ||
| 952 | |0 0 |1 0 |2 ddc |4 0 |6 807_600000000000000_B103T |7 0 |8 800 |9 77861 |a qbu |b qbu |c D5 |d 2015-06-11 |g 4200 |o 807.6 B103t. |p 9334.c16 |r 0000-00-00 |w 2015-06-11 |y STK | ||
| 952 | |0 0 |1 0 |2 ddc |4 0 |6 807_600000000000000_B103T |7 0 |8 800 |9 77862 |a qbu |b qbu |c D5 |d 2015-06-11 |g 4200 |o 807.6 B103t. |p 9334.c17 |r 0000-00-00 |w 2015-06-11 |y STK | ||
| 952 | |0 0 |1 0 |2 ddc |4 0 |6 807_600000000000000_B103T |7 0 |8 800 |9 77863 |a qbu |b qbu |c D5 |d 2015-06-11 |g 4200 |o 807.6 B103t. |p 9334.c18 |r 0000-00-00 |w 2015-06-11 |y STK | ||
| 952 | |0 0 |1 0 |2 ddc |4 0 |6 807_600000000000000_B103T |7 0 |8 800 |9 77864 |a qbu |b qbu |c D5 |d 2015-06-11 |g 4200 |o 807.6 B103t. |p 9334.c19 |r 0000-00-00 |w 2015-06-11 |y STK | ||
| 952 | |0 0 |1 0 |2 ddc |4 0 |6 807_600000000000000_B103T |7 0 |8 800 |9 77865 |a qbu |b qbu |c D5 |d 2015-06-11 |g 4200 |o 807.6 B103t. |p 9334.c20 |r 0000-00-00 |w 2015-06-11 |y STK | ||
| 952 | |0 0 |1 0 |2 ddc |4 0 |6 807_600000000000000_B103T |7 0 |8 800 |9 77866 |a qbu |b qbu |c D5 |d 2015-06-11 |g 4200 |o 807.6 B103t. |p 9334.c21 |r 0000-00-00 |w 2015-06-11 |y STK | ||
| 952 | |0 0 |1 0 |2 ddc |4 0 |6 807_600000000000000_B103T |7 0 |8 800 |9 77867 |a qbu |b qbu |c D5 |d 2015-06-11 |g 4200 |o 807.6 B103t. |p 9334.c22 |r 0000-00-00 |w 2015-06-11 |y STK | ||
| 952 | |0 0 |1 0 |2 ddc |4 0 |6 807_600000000000000_B103T |7 0 |8 800 |9 77868 |a qbu |b qbu |c D5 |d 2015-06-11 |g 4200 |o 807.6 B103t. |p 9334.c23 |r 0000-00-00 |w 2015-06-11 |y STK | ||
| 952 | |0 0 |1 0 |2 ddc |4 0 |6 807_600000000000000_B103T |7 0 |8 800 |9 77869 |a qbu |b qbu |c D5 |d 2015-06-11 |g 4200 |o 807.6 B103t. |p 9334.c24 |r 0000-00-00 |w 2015-06-11 |y STK | ||
| 952 | |0 0 |1 0 |2 ddc |4 0 |6 807_600000000000000_B103T |7 0 |8 800 |9 77870 |a qbu |b qbu |c D5 |d 2015-06-11 |g 4200 |o 807.6 B103t. |p 9334.c25 |r 0000-00-00 |w 2015-06-11 |y STK | ||
| 952 | |0 0 |1 0 |2 ddc |4 0 |6 807_600000000000000_B103T |7 0 |8 800 |9 77871 |a qbu |b qbu |c D5 |d 2015-06-11 |g 4200 |o 807.6 B103t. |p 9334.c26 |r 0000-00-00 |w 2015-06-11 |y STK | ||
| 952 | |0 0 |1 0 |2 ddc |4 0 |6 807_600000000000000_B103T |7 0 |8 800 |9 77872 |a qbu |b qbu |c D5 |d 2015-06-11 |g 4200 |o 807.6 B103t. |p 9334.c27 |r 0000-00-00 |w 2015-06-11 |y STK | ||
| 952 | |0 0 |1 0 |2 ddc |4 0 |6 807_600000000000000_B103T |7 0 |8 800 |9 77873 |a qbu |b qbu |c D5 |d 2015-06-11 |g 4200 |o 807.6 B103t. |p 9334.c28 |r 0000-00-00 |w 2015-06-11 |y STK | ||
| 952 | |0 0 |1 0 |2 ddc |4 0 |6 807_600000000000000_B103T |7 0 |8 800 |9 77874 |a qbu |b qbu |c D5 |d 2015-06-11 |g 4200 |o 807.6 B103t. |p 9334.c29 |r 0000-00-00 |w 2015-06-11 |y STK | ||
| 952 | |0 0 |1 0 |2 ddc |4 0 |6 807_600000000000000_B103T |7 0 |8 800 |9 77875 |a qbu |b qbu |c D5 |d 2015-06-11 |g 4200 |o 807.6 B103t. |p 9334.c30 |r 0000-00-00 |w 2015-06-11 |y STK | ||
| 952 | |0 0 |1 0 |2 ddc |4 0 |6 807_600000000000000_B103T |7 0 |8 800 |9 77876 |a qbu |b qbu |c D5 |d 2015-06-11 |g 4200 |o 807.6 B103t. |p 9334.c31 |r 0000-00-00 |w 2015-06-11 |y STK | ||
| 952 | |0 0 |1 0 |2 ddc |4 0 |6 807_600000000000000_B103T |7 0 |8 800 |9 77877 |a qbu |b qbu |c D5 |d 2015-06-11 |g 4200 |o 807.6 B103t. |p 9334.c32 |r 0000-00-00 |w 2015-06-11 |y STK | ||
| 952 | |0 0 |1 0 |2 ddc |4 0 |6 807_600000000000000_B103T |7 0 |8 800 |9 77878 |a qbu |b qbu |c D5 |d 2015-06-11 |g 4200 |o 807.6 B103t. |p 9334.c33 |r 0000-00-00 |w 2015-06-11 |y STK | ||
| 952 | |0 0 |1 0 |2 ddc |4 0 |6 807_600000000000000_B103T |7 0 |8 800 |9 77879 |a qbu |b qbu |c D5 |d 2015-06-11 |g 4200 |o 807.6 B103t. |p 9334.c34 |r 0000-00-00 |w 2015-06-11 |y STK | ||
| 952 | |0 0 |1 0 |2 ddc |4 0 |6 807_600000000000000_B103T |7 0 |8 800 |9 77880 |a qbu |b qbu |c D5 |d 2015-06-11 |g 4200 |o 807.6 B103t. |p 9334.c35 |r 0000-00-00 |w 2015-06-11 |y STK | ||
| 952 | |0 0 |1 0 |2 ddc |4 0 |6 807_600000000000000_B103T |7 0 |8 800 |9 77881 |a qbu |b qbu |c D5 |d 2015-06-11 |g 4200 |o 807.6 B103t. |p 9334.c36 |r 0000-00-00 |w 2015-06-11 |y STK | ||
| 952 | |0 0 |1 0 |2 ddc |4 0 |6 807_600000000000000_B103T |7 0 |8 800 |9 77882 |a qbu |b qbu |c D5 |d 2015-06-11 |g 4200 |o 807.6 B103t. |p 9334.c37 |r 0000-00-00 |w 2015-06-11 |y STK | ||
| 952 | |0 0 |1 0 |2 ddc |4 0 |6 807_600000000000000_B103T |7 0 |8 800 |9 77883 |a qbu |b qbu |c D5 |d 2015-06-11 |g 4200 |o 807.6 B103t. |p 9334.c38 |r 0000-00-00 |w 2015-06-11 |y STK | ||
| 952 | |0 0 |1 0 |2 ddc |4 0 |6 807_600000000000000_B103T |7 0 |8 800 |9 77884 |a qbu |b qbu |c D5 |d 2015-06-11 |g 4200 |o 807.6 B103t. |p 9334.c39 |r 0000-00-00 |w 2015-06-11 |y STK | ||
| 952 | |0 0 |1 0 |2 ddc |4 0 |6 807_600000000000000_B103T |7 0 |8 800 |9 77885 |a qbu |b qbu |c D5 |d 2015-06-11 |g 4200 |o 807.6 B103t. |p 9334.c40 |r 0000-00-00 |w 2015-06-11 |y STK | ||
| 952 | |0 0 |1 0 |2 ddc |4 0 |6 807_600000000000000_B103T |7 0 |8 800 |9 77886 |a qbu |b qbu |c D5 |d 2015-06-11 |g 4200 |o 807.6 B103t. |p 9334.c41 |r 0000-00-00 |w 2015-06-11 |y STK | ||
| 952 | |0 0 |1 0 |2 ddc |4 0 |6 807_600000000000000_B103T |7 0 |8 800 |9 77887 |a qbu |b qbu |c D5 |d 2015-06-11 |g 4200 |o 807.6 B103t. |p 9334.c42 |r 0000-00-00 |w 2015-06-11 |y STK | ||
| 952 | |0 0 |1 0 |2 ddc |4 0 |6 807_600000000000000_B103T |7 0 |8 800 |9 77888 |a qbu |b qbu |c D5 |d 2015-06-11 |g 4200 |o 807.6 B103t. |p 9334.c43 |r 0000-00-00 |w 2015-06-11 |y STK | ||
| 952 | |0 0 |1 0 |2 ddc |4 0 |6 807_600000000000000_B103T |7 0 |8 800 |9 77889 |a qbu |b qbu |c D5 |d 2015-06-11 |g 4200 |o 807.6 B103t. |p 9334.c44 |r 0000-00-00 |w 2015-06-11 |y STK | ||
| 952 | |0 0 |1 0 |2 ddc |4 0 |6 807_600000000000000_B103T |7 0 |8 800 |9 77890 |a qbu |b qbu |c D5 |d 2015-06-11 |g 4200 |o 807.6 B103t. |p 9334.c45 |r 0000-00-00 |w 2015-06-11 |y STK | ||
| 952 | |0 0 |1 0 |2 ddc |4 0 |6 807_600000000000000_B103T |7 0 |8 800 |9 77891 |a qbu |b qbu |c D5 |d 2015-06-11 |g 4200 |o 807.6 B103t. |p 9334.c46 |r 0000-00-00 |w 2015-06-11 |y STK | ||
| 952 | |0 0 |1 0 |2 ddc |4 0 |6 807_600000000000000_B103T |7 0 |8 800 |9 77892 |a qbu |b qbu |c D5 |d 2015-06-11 |g 4200 |o 807.6 B103t. |p 9334.c47 |r 0000-00-00 |w 2015-06-11 |y STK | ||
| 952 | |0 0 |1 0 |2 ddc |4 0 |6 807_600000000000000_B103T |7 0 |8 800 |9 77893 |a qbu |b qbu |c D5 |d 2015-06-11 |g 4200 |o 807.6 B103t. |p 9334.c48 |r 0000-00-00 |w 2015-06-11 |y STK | ||
| 952 | |0 0 |1 0 |2 ddc |4 0 |6 807_600000000000000_B103T |7 0 |8 800 |9 77894 |a qbu |b qbu |c D5 |d 2015-06-11 |g 4200 |o 807.6 B103t. |p 9334.c49 |r 0000-00-00 |w 2015-06-11 |y STK | ||
| 952 | |0 0 |1 0 |2 ddc |4 0 |6 807_600000000000000_B103T |7 0 |8 800 |9 77895 |a qbu |b qbu |c D5 |d 2015-06-11 |g 4200 |o 807.6 B103t. |p 9334.c50 |r 0000-00-00 |w 2015-06-11 |y STK | ||
| 952 | |0 0 |1 0 |2 ddc |4 0 |6 807_600000000000000_B103T |7 0 |8 800 |9 77896 |a qbu |b qbu |c D5 |d 2015-06-11 |g 4200 |o 807.6 B103t. |p 9334.c51 |r 0000-00-00 |w 2015-06-11 |y STK | ||
| 952 | |0 0 |1 0 |2 ddc |4 0 |6 807_600000000000000_B103T |7 0 |8 800 |9 77897 |a qbu |b qbu |c D5 |d 2015-06-11 |g 4200 |o 807.6 B103t. |p 9334.c52 |r 0000-00-00 |w 2015-06-11 |y STK | ||
| 952 | |0 0 |1 0 |2 ddc |4 0 |6 807_600000000000000_B103T |7 0 |8 800 |9 77898 |a qbu |b qbu |c D5 |d 2015-06-11 |g 4200 |o 807.6 B103t. |p 9334.c53 |r 0000-00-00 |w 2015-06-11 |y STK | ||
| 952 | |0 0 |1 0 |2 ddc |4 0 |6 807_600000000000000_B103T |7 0 |8 800 |9 77899 |a qbu |b qbu |c D5 |d 2015-06-11 |g 4200 |o 807.6 B103t. |p 9334.c54 |r 0000-00-00 |w 2015-06-11 |y STK | ||